| 000 | 00921nam a2200253 4500 | ||
|---|---|---|---|
| 001 | 111255 | ||
| 003 | ES-MaACL | ||
| 005 | 20251223201843.0 | ||
| 007 | t| | ||
| 008 | 061121s1982 fr r ||||1| fre d | ||
| 100 | 0 |
_aNegri, Antonio, _d1933- _985299 |
|
| 245 | 1 | 2 |
_aL'anomalie sauvage _b: puissance et pouvoir chez Spinoza / _cAntonio Negri; traduit de l'italien par Francois Matheron; préfaces de Gilles Deleuze, Pierre Macherey et Alexandre Matheron. |
| 250 | _a1ere. ed. | ||
| 260 |
_aParis : _bPresses Universitaires de France, _c1982. |
||
| 300 |
_a348 p. ; _c22 cm. |
||
| 490 | 1 | _aPratiques theoriques | |
| 700 | 1 |
_aMatheron, Francois. _979020 |
|
| 700 | 0 |
_aDeleuze, Gilles, _d1925-1995 _943377 |
|
| 700 | 1 |
_aMacherey, Pierre. _975179 |
|
| 700 | 1 |
_aMatheron, Alexandre. _979019 |
|
| 830 | 0 | 0 |
_aPratiques théoriques _9185675 |
| 852 |
_aES-MaACL _jL-10063 _bR.112065 |
||
| 999 |
_c111255 _d111255 |
||